Využitie recyklátu v betóne ako nástroj cirkularity v stavebnom priemysle
Salvato in:
| Autore principale: | |
|---|---|
| Altri autori: | |
| Natura: | Manoscritto Libro |
| Lingua: | slovacco |
| Pubblicazione: |
2024
|
| Soggetti: | |
| Accesso online: | http://is.stuba.sk/zp/portal_zp.pl?podrobnosti=186199 https://opac.crzp.sk/?fn=detailBiblioForm&sid=AA0D9432EF6DE826C215164F11D3 |
| Tags: |
Nessun Tag, puoi essere il primo ad aggiungerne!!
|
MARC
| LEADER | 00000ntm a22000003a 4500 | ||
|---|---|---|---|
| 001 | stuzp99098 | ||
| 003 | SK-STU | ||
| 005 | 20240925104243.4 | ||
| 007 | ta | ||
| 008 | 150427s2015----xo-----f-mn---000-0-slo-d | ||
| 040 | |a STU |b slo | ||
| 041 | 0 | |a slo | |
| 100 | 1 | |a Paulík, Samuel |u 010200 |4 aut |U SvF Stavebná fakulta |T SvF Katedra materiálového inžinierstva a fyziky |X 99563 |U V200 |Y 844 |7 99563 | |
| 242 | 0 | 1 | |a The use of recyclates in concrete as a circularity tool in the construction industry |y eng |
| 245 | 1 | 0 | |a Využitie recyklátu v betóne ako nástroj cirkularity v stavebnom priemysle |
| 260 | |c 2024 | ||
| 650 | 4 | |a štrukturálna charakterizácia |2 slo | |
| 650 | 4 | |a mechanické vlastnosti |2 slo | |
| 650 | 4 | |a recyklované betónové kamenivo |2 slo | |
| 650 | 4 | |a cirkulárna ekonomika |2 slo | |
| 650 | 4 | |a recycled concrete aggregate |2 eng | |
| 650 | 4 | |a structural characterization |2 eng | |
| 650 | 4 | |a circular economy |2 eng | |
| 650 | 4 | |a mechanical properties |2 eng | |
| 700 | 1 | |a Slaný, Michal |u 010200 |k Z2 |4 ths |U SvF Stavebná fakulta |T SvF Katedra materiálového inžinierstva a fyziky |X 60027 |U V200 |Y 844 |7 60027 | |
| 856 | 4 | |u http://is.stuba.sk/zp/portal_zp.pl?podrobnosti=186199 | |
| 856 | 4 | |u https://opac.crzp.sk/?fn=detailBiblioForm&sid=AA0D9432EF6DE826C215164F11D3 | |